Combien de ville de Haute Loire (43) connais-tu ? - Statistiques

Statistiques générales
  • Ce quiz a été pris 36 fois
  • Le résultat moyen est 48 sur 257
Statistiques - réponses
Code postal Ville % Correct
43000 Le Puy-en-Velay
83%
43200 Yssingeaux
79%
43100 Brioude
76%
43700 Brives-Charensac
62%
43300 Langeac
55%
43210 Bas-en-Basset
52%
43200 Grazac
52%
43700 Arsac-en-Velay
48%
43700 Blavozy
48%
43700 Coubon
48%
43000 Espaly-Saint-Marcel
48%
43130 Retournac
48%
43009 Sainte-Sigolène
48%
43170 Saugues
48%
43750 Vals-près-le-Puy
48%
43590 Beauzac
45%
43500 Craponne-sur-Arzon
45%
43120 Monistrol-sur-Loire
45%
43000 Polignac
45%
43009 Aurec-sur-Loire
41%
43490 Costaros
41%
43260 Saint-Julien-Chapteuil
41%
43800 Vorey
41%
43000 Aiguilhe
38%
43260 Lantriac
38%
43400 Le Chambon-sur-Lignon
38%
43200 Le Pertuis
38%
43320 Loudes
38%
43330 Pont-Salomon
38%
43140 Saint-Didier-en-Velay
38%
43700 Saint-Germain-Laprade
38%
43260 Saint-Hostien
38%
43190 Tence
38%
43100 Vieille-Brioude
38%
43770 Chadrac
34%
43320 Chaspuzac
34%
43220 Dunières
34%
43160 La Chaise-Dieu
34%
43800 Lavoûte-sur-Loire
34%
43150 Le Monastier-sur-Gazeille
34%
43550 Saint-Front
34%
43380 Ally
31%
43510 Cayres
31%
43370 Cussac-sur-Loire
31%
43500 Jullianges
31%
43150 Laussonne
31%
43580 Monistrol-d'Allier
31%
43200 Saint-Julien-du-Pinet
31%
43370 Solignac-sur-Loire
31%
43430 Fay-sur-Lignon
28%
43150 Les Estables
28%
43350 Saint-Paulien
28%
43360 Vergongheon
28%
43370 Bains
24%
43150 Chadron
24%
43800 Chamalières-sur-Loire
24%
43450 Espalem
24%
43100 Fontannes
24%
43100 Lamothe
24%
43200 Lapte
24%
43430 Les Vastres
24%
43600 Les Villettes
24%
43290 Montregard
24%
43230 Paulhaguet
24%
43290 Raucoules
24%
43220 Riotord
24%
43200 Saint-Jeures
24%
43200 Saint-Maurice-de-Lignon
24%
43270 Allègre
21%
43490 Arlempdes
21%
43450 Blesle
21%
43300 Chanteuges
21%
43100 Cohade
21%
43120 La Chapelle-d'Aurec
21%
43340 Landos
21%
43380 Lavoûte-Chilhac
21%
43290 Montfaucon-en-Velay
21%
43260 Montusclat
21%
43330 Saint-Ferréol-d'Auroure
21%
43340 Saint-Haon
21%
43620 Saint-Pal-de-Mons
21%
43620 Saint-Romain-Lachalm
21%
43320 Saint-Vidal
21%
43530 Tiranges
21%
43390 Vézézoux
21%
43100 Agnat
17%
43580 Alleyras
17%
43380 Arlet
17%
43800 Beaulieu
17%
43100 Beaumont
17%
43200 Beaux
17%
43360 Bournoncle-Saint-Pierre
17%
43300 Charraix
17%
43700 Chaspinhac
17%
43230 Chassagnes
17%
43380 Chilhac
17%
43230 Couteuges
17%
43170 Cubelles
17%
43150 Freycenet-la-Tour
17%
43150 Goudet
17%
43230 Jax
17%
43140 La Séauve-sur-Semène
17%
43350 Lissac
17%
43100 Paulhac
17%
43300 Pébrac
17%
43420 Pradelles
17%
43300 Prades
17%
43130 Saint-André-de-Chalencon
17%
43100 Saint-Beauzire
17%
43300 Saint-Bérain
17%
43290 Saint-Bonnet-le-Froid
17%
43250 Sainte-Florine
17%
43230 Saint-Georges-d'Aurac
17%
43240 Saint-Just-Malmont
17%
43510 Séneujols
17%
43300 Siaugues-Sainte-Marie
17%
43170 Venteuges
17%
43270 Vernassal
17%
43150 Alleyrac
14%
43380 Aubazat
14%
43390 Azérat
14%
43500 Beaune-sur-Arzon
14%
43200 Bessamorel
14%
43350 Blanzac
14%
43380 Blassac
14%
43350 Borne
14%
43270 Céaux-d'Allègre
14%
43380 Cerzat
14%
43410 Chambezon
14%
43440 Champagnac-le-Vieux
14%
43100 Chaniat
14%
43440 Chassignolles
14%
43300 Chastel
14%
43230 Chavaniac-Lafayette
14%
43300 Chazelles
14%
43500 Chomelix
14%
43160 Cistrières
14%
43230 Collat
14%
43160 Connangles
14%
43300 Cronce
14%
43300 Desges
14%
43230 Domeyrat
14%
43300 Ferrussac
14%
43320 Fix-Saint-Geneys
14%
43230 Josat
14%
43230 La Chomette
14%
43100 Lavaudieu
14%
43510 Le Bouchet-Saint-Nicolas
14%
43190 Le Mas-de-Tence
14%
43320 Le Vernet
14%
43360 Lorlanges
14%
43230 Mazerat-Aurouze
14%
43100 Mercœur
14%
43230 Montclard
14%
43150 Moudeyres
14%
43300 Pinols
14%
43500 Saint-Georges-Lagricol
14%
43100 Saint-Just-près-Brioude
14%
43500 Saint-Pal-de-Chalencon
14%
43140 Saint-Victor-Malescours
14%
43800 Saint-Vincent
14%
43230 Salzuit
14%
43210 Valprivas
14%
43490 Vielprat
14%
43200 Araules
10%
43450 Autrac
10%
43250 Auzon
10%
43350 Bellevue-la-Montagne
10%
43430 Chaudeyrolles
10%
43170 Grèzes
10%
43100 Javaugues
10%
43270 La Chapelle-Bertin
10%
43440 Laval-sur-Doulon
10%
43370 Le Brignon
10%
43410 Lempdes-sur-Allagnon
10%
43410 Léotoing
10%
43100 Lubilhac
10%
43800 Malrevers
10%
43520 Mazet-Saint-Voy
10%
43300 Mazeyrat-d'Allier
10%
43510 Ouides
10%
43150 Présailles
10%
43800 Rosières
10%
43380 Saint-Austremoine
10%
43440 Saint-Didier-sur-Doulon
10%
43230 Sainte-Eugénie-de-Villeneuve
10%
43380 Saint-Ilpize
10%
43150 Saint-Martin-de-Fugères
10%
43420 Saint-Paul-de-Tartas
10%
43260 Saint-Pierre-Eynac
10%
43230 Saint-Préjet-Armandon
10%
43580 Saint-Préjet-d'Allier
10%
43580 Saint-Vénérand
10%
43440 Saint-Vert
10%
43160 Sembadel
10%
43130 Solignac-sous-Roche
10%
43300 Tailhac
10%
43450 Torsiac
10%
43230 Vals-le-Chastel
10%
43320 Vergezac
10%
43380 Villeneuve-d'Allier
10%
43300 Auvers
7%
43160 Berbezit
7%
43500 Boisset
7%
43260 Champclause
7%
43170 Chanaleilles
7%
43190 Chenereilles
7%
43150 Freycenet-la-Cuche
7%
43250 Frugerès-les-Mines
7%
43230 Frugières-le-Pin
7%
43450 Grenier-Montgon
7%
43700 Le Monteil
7%
43210 Malvalette
7%
43270 Monlet
7%
43380 Saint-Cirgues
7%
43230 Sainte-Marguerite
7%
43360 Saint-Géron
7%
43390 Saint-Hilaire
7%
43510 Saint-Jean-Lachalm
7%
43500 Saint-Julien-d'Ance
7%
43220 Saint-Julien-Molhesabate
7%
43100 Saint-Laurent-Chabreuges
7%
43160 Saint-Pal-de-Senouire
7%
43380 Saint-Privat-du-Dragon
7%
43320 Sanssac-l'Église
7%
43320 Vazeilles-Limandre
7%
43300 Vissac-Auteyrac
7%
43340 Barges
3%
43160 Félines
3%
43170 La Besseyre-Saint-Mary
3%
43490 Lafarre
3%
43260 Queyrières
3%
43340 Rauret
3%
43300 Saint-Arcons-d'Allier
3%
43420 Saint-Arcons-de-Barges
3%
43370 Saint-Christophe-sur-Dolaison
3%
43260 Saint-Étienne-Lardeyrol
3%
43350 Saint-Geneys-près-Saint-Paulien
3%
43320 Saint-Jean-de-Nay
3%
43300 Saint-Julien-des-Chazes
3%
43810 Saint-Pierre-du-Champ
3%
43580 Saint-Privat-d'Allier
3%
43500 Saint-Victor-sur-Arlanc
3%
43150 Salettes
3%
43170 Thoras
3%
43270 Varennes-Saint-Honorat
3%
43160 Bonneval
0%
43000 Ceyssac
0%
43170 Esplantas-Vazeilles
0%
43160 La Chapelle-Geneste
0%
43160 Malvières
0%
43800 Mézères
0%
43810 Roche-en-Régnier
0%
43340 Saint-Christophe-d'Allier
0%
43420 Saint-Étienne-du-Vigan
0%
43450 Saint-Étienne-sur-Blesle
0%
43500 Saint-Jean-d'Aubrigoux
0%
Aucun quiz correspondant
Distribution des résultats
% des personnes avec chaque résultat
Percentile par nombre de réponses
Votre historique - résultats
Vous n’avez pas pris ce quiz